000 01100nam a2200265 a 4500
001 000114243
003 AM-YeHGA
005 20250617162109.0
008 980112s1959 ||||||||||||||||||||rus d
040 _aAM-YeHGA
100 1 _aЦвейг, Стефан
_d1881-1942
245 1 0 _aМария Стюарт :
_bПерев. с нем. /
_cС. Цвейг ; Пер. Р. Гальпериной; Стихи в переводе В. Левика ; Предисл. Б. Сучкова ; Илл. А.В. Носков.
246 3 5 _aMaria Stuart
260 _aМосква :
_bИностранная литература,
_c1959.
300 _a350 стр. ;
_c21 см.
600 1 4 _aМария Стюарт
650 1 4 _aАвстрийская литература
_xРоман
650 1 4 _aАнглия, 16 в. (х.л.)
650 1 4 _aШотландия, 16 в. (х.л.)
700 1 _aГальперина, Р.
_eпер.
_4trl
700 1 _aЛевик, В.
_eпер.
_4trl
700 1 _aСучков, Б.
_eавт. предисл.
_4aui
700 1 _aНосков, А.В.
_eилл.
_4ill
090 _c486338
999 _c482985
_d482985